| 000 | 00419nam a2200169Ia 4500 | ||
|---|---|---|---|
| 003 | GCL | ||
| 008 | 140319s9999 xx 000 0 eng d | ||
| 040 |
_aGCL / _cGCL |
||
| 082 | 0 | 4 |
_a170 _bS C |
| 100 | 1 | _aSINGER, PETER | |
| 245 | 1 | 0 |
_aA COMPANION TO ETHICS / _cSINGER, PETER |
| 260 |
_a[S.N] : _bBasil Block Well Ltd ، _c1993 |
||
| 300 | _a525 P | ||
| 650 | 0 | 4 | _aETHICS |
| 650 | 0 | 4 | _aSOCIAL ETHICS |
| 942 |
_2ddc _cBK |
||
| 999 |
_c10517 _d10517 |
||